000 00560nam a2200181Ia 4500
005 20250423100424.0
008 250422s9999 xx 000 0 und d
020 _a9780324580532
050 _aHD 58.8 .H87/
100 _aCummings, Thomas G.
245 0 _aOrganization development and change
260 _aMason, Ohio ;[London]
260 _bSouth-Western/Cengage Learning
260 _c2009
300 _a772 p
650 _aOrganizational change. Organizational change_Case studies. Management and Business Studies Social Welfare
942 _cBK
999 _c33258
_d33258